| 000 | 00575nam a2200133Ia 4500 | ||
|---|---|---|---|
| 008 | 171212s9999 xx 000 0 und d | ||
| 020 | _a9780874215557 | ||
| 100 | _aToelken, Barre | ||
| 245 |
_cToelken, Barre _aAnguish Of Snails _bNative American Folklore in the West |
||
| 260 |
_bUniversity Press of Colorado _c2003 |
||
| 650 | _aIndians of North America -- West (U.S.) -- Folklore; Folklore -- Performance -- West (U.S.); Folklore -- West (U.S.) -- Classification; Oral tradition -- West (U.S.) | ||
| 650 | _aSociology | ||
| 856 | _uwww.jstor.org/stable/10.2307/j.ctt46nqrg | ||
| 999 |
_c353030 _d353030 |
||